000 01490cam a22003854 4500
001 195366
003 SpMaBN
005 20250929063315.0
008 180208s2007 sp | |||| 000 spa
015 _aMON0810
017 _aM 54072-2007
_bOficina Depósito Legal Madrid
020 _a9788483470572
024 7 _a502-07-052-7
035 _a(OCoLC)434467844
040 _aSpMaBN
_bspa
_cSpMaBN
_erdc
080 _a77 Verger, Pierre (083.824)
080 _a913(460.35)(0:77)(083.824)
100 _aVerger, Pierre,
_d1902-1996
_0XX1174838
_9236894
245 1 0 _aPierre Verger, Andalucía 1935
_h[Texto impreso]
260 _a[Madrid]
_bAgencia Española de Cooperación Internacional
_c[2007]
300 _a217 p.
_bprincipalmente il.
_c23 x 33 cm
336 _2rdacontent
_atexto
337 _2rdamedia
_asin mediación
338 _2rdacarrier
_avolumen
500 _aCatalogación provisional. Signatura: N-8940. Depósito J.
500 _aExposición itinerante
600 0 _aVerger, Pierre,
_d1902-1996-
_vExposiciones
_9236895
651 7 _aAndalucía
_xEn el arte
_vExposiciones
_2embne
_9236896
852 _aES-MaACL
_bR.152113
_cDEPOJ
_jN-8940
_xEncuadernación rústica con sobrecubiertas
_zEn proceso
_hDonación: editorial
942 _2udc
_cMONOGRAFIA
_n0
999 _c195366
_d195366